| 000 | 00674nam a2200205 a 4500 | ||
|---|---|---|---|
| 001 | 000042541 | ||
| 005 | 20201002040225.0 | ||
| 008 | 131211s1984 ag a 000 0 spa d | ||
| 020 | _z950002184X | ||
| 040 |
_aDO-SdBNP _bspa _cBNPHU |
||
| 082 |
_axxxx _bL144M |
||
| 100 | 1 |
_aMéndez, Eugenio _969779 |
|
| 245 | 1 | 0 |
_aAlte. Lacoste : _b¿Quién mato al General. Actis? / _cEugenio Méndez. |
| 260 |
_aCórdoba, Argentina : _bEl Cid Editor, _c1984. |
||
| 300 |
_a126 p. : _bil., retrs. ; _c18 cm. |
||
| 490 | 1 | _aSin censura | |
| 500 | _aIncluye datos biográficos del autor en la solapa de la contracubierta | ||
| 590 | _aInventariado, 2019/VM | ||
| 830 | 0 |
_aSin censura _969780 |
|
| 999 |
_c42030 _d42030 |
||